[Event "Torino-ch Assoluto 48th"]
[Site "Torino"]
[Date "2004.01.??"]
[Round "2"]
[White "Cordara, Michele"]
[Black "Giovine, Michele"]
[Result "1-0"]
[WhiteElo "2187"]
[BlackElo "1836"]
[PlyCount "67"]
[EventDate "2004.01.??"]
[EventType "swiss"]
[EventRounds "7"]
[EventCountry "ITA"]
[SourceTitle "EXT 2015"]
[Source "ChessBase"]
[SourceDate "2014.11.20"]
[SourceVersion "1"]
[SourceVersionDate "2014.11.20"]
[SourceQuality "1"]

1. c4 e6 2. g3 f5 3. Bg2 Nf6 4. Nf3 Nc6 5. b3 Be7 6. Bb2 0-0 7. 0-0 d6 8. d4 d5 9. e3 h6 10. Ne5 Kh7 11. cxd5 exd5 12. Nxc6 bxc6 13. Qc2 Qe8 14. Nd2 Kh8 15. Rac1 Bd7 16. Nf3 Bd6 17. Ne5 Bxe5 18. dxe5 Ne4 19. Bd4 Qh5 20. e6 Be8 21. Qb2 Qg6 22. Bxe4 fxe4 23. Qa3 Rf3 24. Qe7 Rc8 25. Rc5 Qg4 26. Ra5 Bh5 27. Rxa7 Re8 28. Qxc7 Rxe6 29. Qc8+ Re8 30. Qxg4 Bxg4 31. Rxg7 c5 32. Bb2 Bh5 33. Rg5+ d4 34. Rxh5 1-0

[Event "Torino-ch Assoluto 48th"]
[Site "Torino"]
[Date "2004.01.??"]
[Round "1"]
[White "Giovine, Michele"]
[Black "Ragni, Paolo"]
[Result "1/2-1/2"]
[WhiteElo "1836"]
[BlackElo "2093"]
[PlyCount "107"]
[EventDate "2004.01.??"]
[EventType "swiss"]
[EventRounds "7"]
[EventCountry "ITA"]
[SourceTitle "EXT 2015"]
[Source "ChessBase"]
[SourceDate "2014.11.20"]
[SourceVersion "1"]
[SourceVersionDate "2014.11.20"]
[SourceQuality "1"]

1. e4 e5 2. Nf3 Nc6 3. Bc4 Nf6 4. Ng5 d5 5. exd5 Na5 6. Bb5+ c6 7. dxc6 bxc6 8. Qf3 Bd7 9. Ba4 Rb8 10. Bb3 Nxb3 11. axb3 Bc5 12. Nc3 0-0 13. d3 h6 14. Nge4 Nxe4 15. Nxe4 Bb6 16. 0-0 f5 17. Nc3 Qc7 18. Qg3 Kh7 19. Kh1 f4 20. Qf3 Rbe8 21. Bd2 g5 22. h3 Qc8 23. Ne4 g4 24. hxg4 Bxg4 25. Nd6 Bxf3 26. Nxc8 Rxc8 27. gxf3 Rf5 28. Rg1 Bxf2 29. Rg4 Rc7 30. Be1 Bd4 31. Bc3 Bb6 32. Re1 Be3 33. Ra1 Rd7 34. Ra6 Bb6 35. Ba5 Rb7 36. Bxb6 axb6 37. Ra8 Rg7 38. Rxg7+ Kxg7 39. Ra6 Rg5 40. Rxb6 Rg3 41. Rxc6 Rxf3 42. b4 Rg3 43. Kh2 Rg5 44. Ra6 f3 45. Ra1 Rg2+ 46. Kh3 Rxc2 47. Kg3 Rxb2 48. Kxf3 Rxb4 49. Ra6 Rd4 50. Ke3 h5 51. Re6 Rd5 52. Ke4 Ra5 53. Rxe5 Rxe5+ 54. Kxe5 1/2-1/2

[Event "Torino-ch Assoluto 48th"]
[Site "Torino"]
[Date "2004.01.??"]
[Round "4"]
[White "Sorcinelli, Francesco"]
[Black "Giovine, Michele"]
[Result "0-1"]
[WhiteElo "2065"]
[BlackElo "1836"]
[PlyCount "75"]
[EventDate "2004.01.??"]
[EventType "swiss"]
[EventRounds "7"]
[EventCountry "ITA"]
[SourceTitle "EXT 2015"]
[Source "ChessBase"]
[SourceDate "2014.11.20"]
[SourceVersion "1"]
[SourceVersionDate "2014.11.20"]
[SourceQuality "1"]

1. d4 e6 2. e4 d5 3. Nc3 Nf6 4. Bg5 Bb4 5. e5 h6 6. Bd2 Bxc3 7. bxc3 Ne4 8. Qg4 g5 9. Qh5 c5 10. h4 Qa5 11. Nf3 Rg8 12. hxg5 hxg5 13. Qh7 Rf8 14. Qg7 Nc6 15. Rh8 Rxh8 16. Qxh8+ Ke7 17. Nxg5 Nxd4 18. Nxe4 Nxc2+ 19. Kd1 Nxa1 20. Qf6+ Kd7 21. Qxf7+ Kc6 22. Nd6 Bd7 23. Bb5+ Kb6 24. Qxd7 Rb8 25. Qxe6 Qxa2 26. Bd3 Ka5 27. Qxd5 Nb3 28. Nc4+ Ka6 29. Nb2+ b5 30. Qc6+ Ka5 31. Qc7+ Rb6 32. Qxa7+ Ra6 33. Qc7+ Rb6 34. Bxb5 Qxb2 35. Qa7+ Kxb5 36. c4+ Kxc4 37. Qf7+ Kb5 38. Qd7+ 0-1